Philippine transfer and business taxes : (Record no. 5768)

MARC details
000 -LEADER
fixed length control field 00768nam a22001937a 4500
003 - CONTROL NUMBER IDENTIFIER
control field OSt
005 - DATE AND TIME OF LATEST TRANSACTION
control field 20251118110108.0
008 - FIXED-LENGTH DATA ELEMENTS--GENERAL INFORMATION
fixed length control field 251118b |||||||| |||| 00| 0 eng d
040 ## - CATALOGING SOURCE
Original cataloging agency DWC-Main Lib
Transcribing agency OC
082 ## - DEWEY DECIMAL CLASSIFICATION NUMBER
Classification number Fil. 343.59905 R457 2005
100 ## - MAIN ENTRY--PERSONAL NAME
Personal name Reyes, V.
245 ## - TITLE STATEMENT
Title Philippine transfer and business taxes :
Remainder of title priniciples, laws and problems
Statement of responsibility, etc. Reyes, Virgilio D.
260 ## - PUBLICATION, DISTRIBUTION, ETC.
Place of publication, distribution, etc. Philippines :
Name of publisher, distributor, etc. Virgilio D. Reyes,
Date of publication, distribution, etc. c2005
300 ## - PHYSICAL DESCRIPTION
Extent xii, 356 pages :
Dimensions 22 cm.
650 ## - SUBJECT ADDED ENTRY--TOPICAL TERM
Source of heading or term Inheritance and transfer tax--law and legislations-Philippines
650 ## - SUBJECT ADDED ENTRY--TOPICAL TERM
Source of heading or term Taxation--law & legislation-- Philippines
650 ## - SUBJECT ADDED ENTRY--TOPICAL TERM
Source of heading or term Value--added tax--law and legislations-Philippines
942 ## - ADDED ENTRY ELEMENTS (KOHA)
Source of classification or shelving scheme Dewey Decimal Classification
Koha item type Book-Filipiniana
Classification part Fil. 343.59905 R457 2005
Call number prefix Fil.
Suppress in OPAC No
952 ## - LOCATION AND ITEM INFORMATION (KOHA)
--
952 ## - LOCATION AND ITEM INFORMATION (KOHA)
--
Holdings
Withdrawn status Lost status Source of classification or shelving scheme Damaged status Not for loan Home library Current library Shelving location Date acquired Source of acquisition Cost, normal purchase price Total Checkouts Full call number Barcode Date last seen Copy number Price effective from Koha item type Uniform Resource Identifier
    Dewey Decimal Classification     College Library College Library Filipiniana 12/02/2005 School Fund 290.00   Fil. 343.59905 R457 2005 42541 11/18/2025 c2 11/18/2025 BK - FIL
    Dewey Decimal Classification     College Library College Library Filipiniana 12/02/2005 School Fund 290.00   Fil. 343.59905 R457 2005 42540 11/18/2025 c1 11/18/2025 BK - FIL